Birds in Europe : their conservation status
Αποθηκεύτηκε σε:
| Άλλοι συγγραφείς: | , |
|---|---|
| Μορφή: | Βιβλίο |
| Γλώσσα: | English |
| Δημοσίευση: |
Cambridge :
Birdlife International,
1994
|
| Σειρά: | BirdLife conservation series ;
; 3 |
| Θέματα: | |
| Ετικέτες: |
Προσθήκη ετικέτας
Δεν υπάρχουν, Καταχωρήστε ετικέτα πρώτοι!
|
MARC
| LEADER | 00000nam a2200000 i 4500 | ||
|---|---|---|---|
| 001 | 1/95858 | ||
| 008 | 961030s1994 eng d | ||
| 020 | |a 0-946888-29-9 | ||
| 035 | |l 10009905 | ||
| 040 | |a GR-MY-UA |b gre |e aacr | ||
| 041 | 0 | |a eng | |
| 082 | 0 | |a 598.094 | |
| 245 | 1 | 0 | |a Birds in Europe : |b their conservation status / |c Compiled by Graham M. Tucker and Melanie F. Heath |
| 260 | |a Cambridge : |b Birdlife International, |c 1994 | ||
| 300 | |a 600 p. | ||
| 490 | 1 | |a BirdLife conservation series |v ; 3 | |
| 650 | 0 | 0 | |a Birds |z Europe. |
| 650 | 0 | 0 | |a Birds, Protection of |z Europe. |
| 700 | 1 | |a Tucker, G. M. |q (Graham M.) |4 edt | |
| 700 | 1 | |a Heath, Melanie F. |4 edt | |
| 830 | 0 | |a BirdLife conservation series ; |v ; 3 | |
| 852 | |a INST |b LESVOS |e 19961030 |h 598.094 BIR |p 005100008954 |q 005100008954 |t BK |y 0 | ||
| 909 | |a Λ |b 038185 | ||
| 922 | |a 1ΕΛΗ |b 199412 |c ΑΚΡΙΩΤΗΣ | ||
| 950 | |a 077-1994-09-02 | ||